| 000 | 00828nam a2200241 i 4500 | ||
|---|---|---|---|
| 001 | 181353 | ||
| 003 | ES-MaACL | ||
| 005 | 20240409180417.0 | ||
| 008 | 121213s2011 sp a | |||||||| | spa d | ||
| 020 | _a978-84-376-2750-2 | ||
| 080 | _a821.134.2-34"18" | ||
| 100 | 1 |
_aPicón, Jacinto Octavio, _d1852-1923 _991875 |
|
| 245 | 1 | 0 |
_aDespués de la batalla y otros cuentos / _cJacinto Octavio Picón ; edición de Esteban Gutiérrez Díaz-Bernardo. |
| 250 | _a1ª ed. | ||
| 260 |
_aMadrid : _bCátedra, _c2011. |
||
| 300 |
_a355 p. : _b1 retr. ; _c18 cm. |
||
| 490 | 1 |
_aLetras hispánicas ; _v678 |
|
| 700 | 1 |
_aGutiérrez Díaz-Bernardo, Esteban. _9151969 |
|
| 830 | 0 | 0 |
_aLetras hispánicas ; _v678 _9235703 |
| 852 |
_aES-MaACL _jA-12407 _9188237 _cDEPO1 _dOlim: N-5412 |
||
| 942 |
_2udc _cMONOGRAFIA |
||
| 999 |
_c181353 _d181353 |
||